000
00304nam a22001217a 4500
008
181218b xxu||||| |||| 00| 0 eng d
041
_a
eng
080
_a
941
100
_a
17
101
_a
HIS
245
_a
The Americans. A Social History of the United States 1587-1914
_c
Fursnas, J.C
942
_2
udc
_c
BK
999
_c
53432
_d
53432